000 00610cam a22002171 4500
001 ca 35000130
003 DLC
005 20260227111137.0
008 940407s1934 caua 000 0 eng
010 _aca 35000130
035 _a(OCoLC)30102992
040 _aDLC
_cCU
_dCU
_dDLC
042 _apremarc
050 0 0 _aHC106.3
_b.G82
082 _a330.973
100 1 _aGreen, William Wilcox.
245 1 0 _aStop depressions,
_cby William Wilcox Green ...
260 _aCampbell, Calif.,
_bThe Campbell Press,
_cc1934.
300 _a1 p. l., 38 p.
_bdiagr.
_c19 cm.
651 0 _aUnited States
_xEconomic policy.
999 _c17750
_d17750